MARC

LEADER 00000nam0a2200000 4500
001 295541
005 20231102000823.0
020 |a RU  |b 84-20535 
035 |a (RuTPU)RU\TPU\book\320629 
090 |a 295541 
100 |a 20150523d1984 m y0rusy5003 ca 
101 0 |a rus 
102 |a RU 
105 |a a z 001zy 
200 1 |a Совершенствование складских систем  |f Э. И. Жуковский, Ю. И. Скорописов 
210 |a Киев  |c Технiка  |d 1984 
215 |a 140 с.  |c ил. 
320 |a Библиогр.: с. 139-140 
606 1 |a Складские работы  |2 stltpush  |3 (RuTPU)RU\TPU\subj\55026  |9 73098 
610 1 |a склады 
610 1 |a проектирование 
610 1 |a транспортная система 
610 1 |a методы 
610 1 |a расчеты 
610 1 |a системы управления 
610 1 |a автоматизация 
675 |a 658.78  |z rus  |v 4 
700 1 |a Жуковский  |b Э. И.  |g Эдуард Иосифович  |4 070 
701 1 |a Скорописов  |b Ю. И.  |g Юрий Иванович  |4 070 
801 0 |a RU  |b RuMRKP  |c 19950704  |g psbo 
801 1 |a RU  |b 63413507  |c 20150523 
801 2 |a RU  |b 63413507  |c 20170724  |g RCR 
942 |c BK